| 000 | 00568nam a2200145Ia 4500 | ||
|---|---|---|---|
| 008 | 100122s9999 xx 000 0 und d | ||
| 082 |
_b18286 _a50 |
||
| 100 | _aसातवळेकर श्री दा | ||
| 245 | _aपुरुषार्थ मासिक ऑगस्ट 1930 ते जुन 1931 | ||
| 260 | _c1905 | ||
| 300 | _a480 | ||
| 630 | _aपुरुषार्थ मासिक ऑगस्ट 1930 ते जुन 1931 | ||
| 730 | _aपुरुषार्थ मासिक ऑगस्ट 1930 ते जुन 1931 | ||
| 942 | _cBOOK | ||
| 999 |
_c407716 _d407713 |
||